Les Golden Boy depuis 2003 - Statistiques

Statistiques générales
  • Ce quiz a été pris 504 fois
    157 depuis la dernière actualisation
  • Le résultat moyen est 17 sur 22
Statistiques - réponses
Année Joueur Nationalité Poste Club % Correct
2020 Erling Haaland Norvège A Borussia Dortmund
98%
2023 JudeBellingham Angleterre M Borussia Dortmund
98%
2024 LamineYamal Espagne A Fc Barcelone
98%
2021 Pedri Espagne M Fc Barcelone
98%
2022 Gavi Espagne M Fc Barcelone
95%
2017 KylianMbappé France A As Monaco
95%
2013 Paul Pogba France M Juventus
93%
2018 MatthijsDe Ligt Pays - Bas D Ajax Amsterdam
88%
2019 Joao Felix Portugal A Sl Benfica
87%
2005 Lionel Messi Argentine A Fc Barcelone
86%
2015 AnthonyMartial France A As Monaco
85%
2004 WayneRooney Angleterre A Manchester United
77%
2016 Renato Sanches Portugal M Sl Benfica
74%
2011 MarioGotze Allemagne M Borussia Dortmund
70%
2014 RaheemSterling Angleterre A Liverpool
67%
2006 Cesc Fabregas Espagne M Arsenal
64%
2007 SergioAguero Argentine A Atletico Madrid
62%
2009 AlexandrePato Brésil A Ac Milan
60%
2012 Isco Espagne M Malaga
60%
2010 MarioBalotelli Italie A Inter Milan
60%
2008 Anderson Brésil M Manchester United
42%
2003 RafaelVan Der Vaart Pays - Bas M Ajax Amsterdam
23%
Aucun quiz correspondant
Distribution des résultats
% des personnes avec chaque résultat
Percentile par nombre de réponses
Votre historique - résultats
Vous n’avez pas pris ce quiz depuis la dernière actualisation